000 01392cam a22003737a 4500
003 CHAP
005 20220329141853.0
008 980319d1995 mx b ri 00110 spa d
010 _a75057
011 _a76029
035 _a85606
040 _cCHAP
082 0 4 _a636.4
_bK3
100 0 0 _aKato Maldonado, Luis
_ecoord.
_962792
245 1 2 _aLa producción porcícola en México :
_bcontribución al desarrollo de una visión integral
_c/coord. por Luis Kato Maldonado
260 0 _aMéxico, D. F. :
_bUniversidad Autónoma Metropolitana. Unidad Azcapotzalco,
_c1995.
300 _a343 p. :
_bgráfs. ; mapas ; cuadros
590 _aBATCH-UPD
_b10
_c20130110
_lUCH01
_h0203
590 _aBATCH-UPD
_b10
_c20130110
_lUCH01
_h0938
590 _aBATCH-UPD
_b10
_c20130410
_lUCH01
_h0843
590 _aBATCH-UPD
_b10
_c20130914
_lUCH01
_h0849
590 _aCONVERSION
_b10
_c20130109
_lUCH01
_h1341
650 1 4 _aCarne de puerco
_xPrecios.
_919185
650 1 4 _aEstiércol de cerdo.
_938323
650 1 4 _aGanado porcino
_xJalisco.
_945378
650 1 4 _aGanado porcino
_xProducción.
_945399
650 1 4 _aGranjas porcinas.
_950413
650 1 4 _aInseminación artificial.
_958964
901 _aBK
905 _aLilia Sánchez G.
942 _cLIBRO
949 _a636.4 K3
_bBC
_cLIBRO
_d33724000591582
_eLIBRO
_h92982
_i85606
_si
949 _a636.4 K3
_bBC
_cLIBRO
_d33724000591590
_eLIBRO
_fc.2
_h92983
_i85606
_si
999 _c75057
_d75057